000 00214 a2200097 4500
001 43824
100 _aKohr
245 _aThe breakdown of nations
260 _aLondon
_bRoutledge & Kegan
_c
090 _c27584
_d27584
942 _aNUST-CAE
_cM
_c19540
999 _c278897
_d278897